00912nab a22002057a 4500003000400000005001700004008004100021040000700062100002100069245008600090260007200176300001500248500003900263505011300302505008900415650002000504650002400524650002500548773013300573OSt20260114010528.0190605e xxu||||| |||| 00| 0 spa d cPJ aGabet, Alejandro13a¿Cuál es el límite del control médico de un empleador? /cAlejandro Gabet. aCiudad Autónoma de Buenos Aires :bThomson Reuters La Ley,c2024. ap. 158-160 aCita: TR LALEY AR/DOC/3038/2023.  aFallo comentado: CNTrab., sala X, 02/11/2023. - Caceres, Rosana Carina c. Banco Hipotecario S.A. s/ despido. t¿Te interesa el texto completo? Solicitalo al correo: koha@justierradelfuego.gov.ar 0aDERECHO LABORAL 0aRIESGOS DEL TRABAJO 0aCOMISIONES MÉDICAS0 02711dCiudad Autónoma de Buenos Aires : Thomson Reuters La Ley, 1999-2002.tRevista de derecho del trabajo. Nº 1 - Enero 2024